Yo-Kai Watch 2 Main Theme (aka Hinozall's theme) - Statistics

General Stats
  • This quiz has been taken 43 times
  • The average score is 79 of 106
Answer Stats
Answer % Correct
Yo,
100%
Yo
100%
Yo!
100%
Kai
96%
kai
96%
kai,
96%
Kai!
96%
a
93%
Watch!
93%
watch!
93%
are
89%
everywhere,
89%
you
89%
me
85%
the
85%
your
85%
causin'
81%
go
81%
hair.
81%
He
81%
he
81%
in
81%
make
81%
messin'
81%
up
81%
up,
81%
socks
78%
they
78%
flat
74%
friend,
74%
got
74%
missin'
74%
tire,
74%
with
74%
connect
70%
give
70%
he's
70%
He's
70%
there,
70%
to
70%
even
67%
introduce
67%
let
67%
mischief
67%
my
67%
or
67%
them!
67%
They'll
67%
way
67%
and
63%
can
63%
doesn't
63%
found
63%
have
63%
it,
63%
may
63%
not
63%
spirits,
63%
talk
63%
trip
63%
anywhere,
59%
fear
56%
supernatural
52%
drier!
48%
entourage.
48%
hear
48%
Because
44%
because
44%
gonna
44%
trouble,
44%
but
41%
they're
30%
knows
26%
belive
11%
No matching quizzes found
Score Distribution
Percent of People with Each Score
Percentile by Number Answered
Your Score History
You have not taken this quiz